00279nam a2200097Ia 4500008004100000041000800041100001900049245005700068260003700125999001900162241105s9999 xx 000 0 und d aeng aChavan Deepali aHow To Make Self Sustainable Special Township ...... bM.Arch Environmental, Punec2012 c360558d360558